| 000 | 01986nam a22002657a 4500 | ||
|---|---|---|---|
| 999 |
_c57379 _d57379 |
||
| 003 | Ge_BSU | ||
| 005 | 20230419171441.0 | ||
| 008 | 200611s2019ge xxu||||| |||| 00| 0 geo d | ||
| 020 | _a9789941226045 | ||
| 041 | _ageo | ||
| 080 | _a61( 038) +811.124'36 ლ -16 | ||
| 245 |
_aლათინური სამედიცინო ტერმინოლოგიის საფუძვლები = Fundamenta terminologiae medicae latinae : _bსახელმძღვანელო და სამუშაო რვეული უმაღლესი სამედიცინო სასწავლებლების სტუდენტებისათვის / _c ნანა ამირანაშვილი ; ნელი გიგოლაევა ; რუსუდან გიორგობიანი ; ნელი ხატიაშვილი ; რედ : ირინე კვაჭაძე ; მანანა ფხაკაძე. |
||
| 264 |
_aთბილისი : _bუნივერსალი, _c2019. |
||
| 300 |
_a275 გვ.: _c 24 სმ. |
||
| 653 | _aლათინური სამედიცინო ტერმინოლოგია | ||
| 653 | _aმედიცინა | ||
| 700 |
_aამირანაშვილი, ნანა _98372 _eავტორი. |
||
| 700 |
_aგიგოლაევა, ნელი _9641 _eავტორი |
||
| 700 |
_aგიორგობიანი, რუსუდან _98373 _eავტორი |
||
| 700 |
_aხატიაშვილი, ნელი _98374 _eავტორი |
||
| 700 |
_aკვაჭაძე, ირინე _eრედაქტორი _96804 |
||
| 700 |
_aფხაკაძე, მანანა _eრედაქტორი _98375 |
||
| 710 |
_aთბილ. სახელმწ. სამედ. უნ-ტი, უცხოური ენების ცენტრი. _98376 |
||
| 942 |
_2udc _cBK |
||